000 00711nam a2200229Ia 4500
003 OSt
005 20220923225414.0
006 a|||||r|||| 00| 0
007 ta
008 220922b |||||||| |||| 00| 0 pan d
024 _a266,300
037 _cTextual
040 _aARTS
_cARTS
_bpan
041 _2pan
_apan
082 _aO153,3:g, N8
100 _aਬੇਦੀ, ਹਰਚੰਦ ਸਿੰਘ
_9156315
245 0 _aਪਾਠ ਤੇ ਪ੍ਰਸੰਗ
_b ਪਰਵਾਸੀ ਪੰਜਾਬੀ ਕਹਾਨੀ
260 _c1998
650 _aਪੰਜਾਬੀ ਸਾਹਿਤ
942 _hO153,3:g, N8
_cTEXL
_2CC
999 _c378023
_d378023